[Event "Verbandsliga Nordbaden 1920"]
[Site "Baden"]
[Date "2020.02.02"]
[Round "5.4"]
[White "Scherer, Ralf"]
[Black "Postoev Birkenberg, Alexander"]
[Result "1/2-1/2"]
[WhiteElo "2181"]
[BlackElo "2290"]
[PlyCount "62"]
[EventDate "2019.09.29"]
[EventType "team-tourn"]
[EventRounds "9"]
[EventCountry "GER"]
[SourceTitle "EXT 2021"]
[Source "ChessBase"]
[SourceDate "2020.10.23"]
[SourceVersion "1"]
[SourceVersionDate "2020.10.23"]
[SourceQuality "1"]
[WhiteTeam "Ladenburg"]
[BlackTeam "Hockenheim II"]
[WhiteTeamCountry "GER"]
[BlackTeamCountry "GER"]

1. Nf3 c5 2. e3 Nf6 3. c4 e6 4. Nc3 Be7 5. d4 cxd4 6. exd4 d6 7. Bd3 0-0 8. 0-0 b6 9. Re1 Bb7 10. Bg5 Nbd7 11. Qe2 Re8 12. Rac1 Rc8 13. Ne4 Nxe4 14. Bxe7 Rxe7 15. Bxe4 Bxe4 16. Qxe4 Nf6 17. Qf4 Rec7 18. b3 d5 19. Ne5 Qd6 20. g3 Qa3 21. Rc2 dxc4 22. bxc4 b5 23. Rec1 bxc4 24. Rxc4 Rxc4 25. Rxc4 Rxc4 26. Nxc4 Qb4 27. Qc7 Qe1+ 28. Kg2 Qe4+ 29. Kg1 Qe1+ 30. Kg2 Qe4+ 31. Kg1 Qe1+ 1/2-1/2

[Event "Verbandsliga Nordbaden 1920"]
[Site "Baden"]
[Date "2019.11.10"]
[Round "2.3"]
[White "Pfrommer, Christoph"]
[Black "Scherer, Ralf"]
[Result "1-0"]
[WhiteElo "2286"]
[BlackElo "2181"]
[PlyCount "39"]
[EventDate "2019.09.29"]
[EventType "team-tourn"]
[EventRounds "9"]
[EventCountry "GER"]
[SourceTitle "EXT 2021"]
[Source "ChessBase"]
[SourceDate "2020.10.23"]
[SourceVersion "1"]
[SourceVersionDate "2020.10.23"]
[SourceQuality "1"]
[WhiteTeam "Karlsruhe"]
[BlackTeam "Ladenburg"]
[WhiteTeamCountry "GER"]
[BlackTeamCountry "GER"]

1. e4 d6 2. d4 Nf6 3. Nc3 g6 4. Bg5 c6 5. Qd2 b5 6. Bd3 Bg7 7. Bh6 Bxh6 8. Qxh6 Qb6 9. Nf3 Bg4 10. e5 dxe5 11. dxe5 Nh5 12. Ng5 Qd4 13. 0-0 Qxe5 14. Rfe1 Qg7 15. Qxg7 Nxg7 16. Nxb5 Na6 17. Nd6+ Kd7 18. Ndxf7 Nb4 19. Ne5+ Kc7 20. Nxg4 1-0

[Event "Oberliga Baden 1718"]
[Site "Baden"]
[Date "2018.03.18"]
[Round "8.4"]
[White "Tschann, Stephan"]
[Black "Scherer, Ralf"]
[Result "1-0"]
[WhiteElo "2255"]
[BlackElo "2212"]
[PlyCount "39"]
[EventDate "2017.10.08"]
[EventType "team-tourn"]
[EventRounds "9"]
[EventCountry "GER"]
[SourceTitle "EXT 2019"]
[Source "ChessBase"]
[SourceDate "2018.10.10"]
[SourceVersion "1"]
[SourceVersionDate "2018.10.10"]
[SourceQuality "1"]
[WhiteTeam "Ettlingen"]
[BlackTeam "Ladenburg"]
[WhiteTeamCountry "GER"]
[BlackTeamCountry "GER"]

1. d4 d6 2. Nf3 g6 3. c4 Bg7 4. g3 Nd7 5. Bg2 e5 6. Nc3 Ne7 7. 0-0 0-0 8. dxe5 Nxe5 9. Nxe5 Bxe5 10. Bg5 Bxc3 11. bxc3 f6 12. Bh6 Re8 13. c5 d5 14. Qb3 c6 15. e4 Kh8 16. Rad1 Qa5 17. exd5 cxd5 18. Bxd5 Bg4 19. Bxb7 Ng8 20. Qf7 1-0

[Event "Oberliga Baden 1718"]
[Site "Baden"]
[Date "2017.10.08"]
[Round "1.4"]
[White "Schwing, Hans Elmar"]
[Black "Scherer, Ralf"]
[Result "1-0"]
[WhiteElo "2338"]
[BlackElo "2212"]
[PlyCount "111"]
[EventDate "2017.10.08"]
[EventType "team-tourn"]
[EventRounds "9"]
[EventCountry "GER"]
[SourceTitle "EXT 2019"]
[Source "ChessBase"]
[SourceDate "2018.10.10"]
[SourceVersion "1"]
[SourceVersionDate "2018.10.10"]
[SourceQuality "1"]
[WhiteTeam "Dreisamtal"]
[BlackTeam "Ladenburg"]
[WhiteTeamCountry "GER"]
[BlackTeamCountry "GER"]

1. d4 d6 2. e4 Nf6 3. Nc3 g6 4. Nf3 Bg7 5. Be2 0-0 6. 0-0 a6 7. Re1 b5 8. e5 Ne8 9. a4 dxe5 10. dxe5 Qxd1 11. Bxd1 bxa4 12. Rxa4 Nc6 13. Bf4 Rb8 14. b3 Rb4 15. Re4 Rxe4 16. Nxe4 f6 17. exf6 exf6 18. Be2 g5 19. Be3 g4 20. Nd4 Nxd4 21. Bxd4 f5 22. Bc4+ Kh8 23. Bxg7+ Kxg7 24. Nc5 Rf6 25. Bxa6 Bxa6 26. Rxa6 Rxa6 27. Nxa6 Kf6 28. Kf1 Ke5 29. Ke2 Kd4 30. Kd2 f4 31. c3+ Ke4 32. b4 h5 33. Nc5+ Kd5 34. Nd3 Ke4 35. Nc5+ Kd5 36. f3 Nd6 37. Nd3 gxf3 38. gxf3 Kc4 39. Nxf4 h4 40. Ng2 Nf5 41. h3 c6 42. Ne3+ Nxe3 43. Kxe3 Kxc3 44. f4 Kxb4 45. Ke4 c5 46. f5 c4 47. f6 c3 48. f7 c2 49. f8Q+ Kb3 50. Qf1 Kb2 51. Kf5 c1Q 52. Qxc1+ Kxc1 53. Kg4 Kd2 54. Kxh4 Ke3 55. Kg5 Ke4 56. h4 1-0

[Event "Baden CupT final"]
[Site "Baden"]
[Date "2017.07.23"]
[Round "5.2"]
[White "Piekors, Mark"]
[Black "Scherer, Ralf"]
[Result "0-1"]
[WhiteElo "2145"]
[BlackElo "2191"]
[PlyCount "56"]
[EventDate "2017.07.22"]
[EventType "team-tourn"]
[EventRounds "2"]
[EventCountry "GER"]
[SourceTitle "EXT 2022"]
[Source "ChessBase"]
[SourceDate "2021.10.06"]
[SourceVersion "1"]
[SourceVersionDate "2021.10.06"]
[SourceQuality "1"]
[WhiteTeam "Mosbach"]
[BlackTeam "Ladenburg"]
[WhiteTeamCountry "GER"]
[BlackTeamCountry "GER"]

1. d4 d6 2. e4 Nf6 3. Nc3 g6 4. Bg5 c6 5. Bxf6 exf6 6. Bd3 Bg7 7. Nge2 0-0 8. f4 Re8 9. 0-0 b5 10. a3 a6 11. Nb1 Nd7 12. Nd2 Nb6 13. c3 d5 14. Ng3 Nc4 15. Qc1 Ra7 16. b4 Rae7 17. Re1 Qc7 18. Nf3 Bh6 19. e5 fxe5 20. dxe5 Nxe5 21. Nxe5 Rxe5 22. Rxe5 Rxe5 23. Ne2 Re8 24. g3 Qb6+ 25. Kg2 Bg4 26. Ra2 Bg7 27. Nd4 Bxd4 28. cxd4 Qxd4 0-1

[Event "Oberliga Baden 1617"]
[Site "Baden"]
[Date "2017.05.07"]
[Round "9.4"]
[White "Vogelbacher, Georg"]
[Black "Scherer, Ralf"]
[Result "1/2-1/2"]
[WhiteElo "2100"]
[BlackElo "2189"]
[PlyCount "61"]
[EventDate "2016.10.16"]
[EventType "team-tourn"]
[EventRounds "9"]
[EventCountry "GER"]
[SourceTitle "EXT 2018"]
[Source "ChessBase"]
[SourceDate "2017.10.13"]
[SourceVersion "1"]
[SourceVersionDate "2017.10.13"]
[SourceQuality "1"]
[WhiteTeam "Waldshut Tiengen"]
[BlackTeam "Ladenburg"]
[WhiteTeamCountry "GER"]
[BlackTeamCountry "GER"]

1. d4 d6 2. c4 e5 3. d5 Be7 4. Nc3 Nf6 5. e4 0-0 6. g3 c6 7. Bg2 b5 8. cxb5 cxb5 9. Nxb5 Nbd7 10. Ne2 Rb8 11. Nbc3 Nc5 12. 0-0 Ba6 13. b3 Qd7 14. Be3 Rfc8 15. Bxc5 Rxc5 16. Na4 Rc7 17. Qd2 Rbc8 18. Rac1 Qb5 19. Rxc7 Rxc7 20. Nec3 Qb4 21. Rd1 h6 22. f4 Nd7 23. Ne2 Qb5 24. Nec3 Qb4 25. Bf1 Bxf1 26. Kxf1 exf4 27. gxf4 g5 28. Qd4 Qxd4 29. Rxd4 gxf4 30. Rc4 Rxc4 31. bxc4 1/2-1/2

[Event "Oberliga Baden 1617"]
[Site "Baden"]
[Date "2017.02.19"]
[Round "6.4"]
[White "Scherer, Ralf"]
[Black "Schwing, Hans Elmar"]
[Result "1/2-1/2"]
[WhiteElo "2189"]
[BlackElo "2320"]
[PlyCount "222"]
[EventDate "2016.10.16"]
[EventType "team-tourn"]
[EventRounds "9"]
[EventCountry "GER"]
[SourceTitle "EXT 2018"]
[Source "ChessBase"]
[SourceDate "2017.10.13"]
[SourceVersion "1"]
[SourceVersionDate "2017.10.13"]
[SourceQuality "1"]
[WhiteTeam "Ladenburg"]
[BlackTeam "Dreisamtal"]
[WhiteTeamCountry "GER"]
[BlackTeamCountry "GER"]

1. c4 e5 2. g3 Nf6 3. Bg2 Nc6 4. Nf3 Bc5 5. 0-0 d6 6. Nc3 0-0 7. a3 a6 8. b4 Ba7 9. d3 h6 10. Rb1 Re8 11. Nd2 Rb8 12. a4 Bg4 13. h3 Bh5 14. a5 Nd4 15. Nb3 c6 16. Be3 d5 17. cxd5 Nxd5 18. Nxd5 cxd5 19. g4 Bg6 20. Nxd4 Bxd4 21. Bxd4 exd4 22. Qd2 b6 23. b5 bxa5 24. bxa6 Ra8 25. Rb5 Rxa6 26. Rxd5 Qb6 27. Ra1 a4 28. Rd7 a3 29. Rb7 Qf6 30. Bf3 Qd6 31. Qb4 Qxb4 32. Rxb4 f6 33. Rxd4 Bf7 34. Rb4 Ra5 35. e3 Rc8 36. d4 g5 37. d5 Bxd5 38. Bxd5+ Rxd5 39. Rxa3 Rd7 40. Ra6 Kg7 41. Rbb6 Rf7 42. Kg2 Rh8 43. e4 Re8 44. f3 Kg6 45. Kg3 Kg7 46. h4 Kg6 47. Rb5 Kg7 48. h5 Ree7 49. Rbb6 Rb7 50. Rd6 Rbe7 51. Rab6 Rf8 52. Kf2 Rff7 53. Ke3 Rf8 54. Rb5 Rff7 55. Rf5 Ra7 56. Re6 Ra3+ 57. Kf2 Ra2+ 58. Kg3 Raa7 59. Rd5 Rfe7 60. Red6 Rab7 61. Rd8 Ra7 62. Rc8 Rec7 63. Re8 Re7 64. Red8 Rab7 65. Kf2 Rb2+ 66. Ke3 Rb3+ 67. Rd3 Rxd3+ 68. Kxd3 Ra7 69. Kc4 Kf7 70. Rb8 Rd7 71. Rb6 Kg7 72. Rb5 Kf7 73. Rd5 Rc7+ 74. Kd4 Ra7 75. Kc5 Ra3 76. Rf5 Ke6 77. Kd4 Ra4+ 78. Ke3 Ra3+ 79. Kf2 Ra2+ 80. Kg3 Ra7 81. Rb5 Kf7 82. Rb6 Kg7 83. Rb3 Ra2 84. Rb7+ Kg8 85. Re7 Rb2 86. e5 fxe5 87. Rxe5 Kf7 88. Rd5 Ra2 89. Rd7+ Kg8 90. Rd6 Kg7 91. Rg6+ Kh7 92. Rf6 Kg7 93. Rf5 Rb2 94. Rc5 Ra2 95. Rc1 Rb2 96. Rc3 Ra2 97. Rb3 Rc2 98. Rd3 Ra2 99. Rc3 Rb2 100. f4 gxf4+ 101. Kxf4 Rb4+ 102. Kg3 Rb7 103. Rc6 Ra7 104. Rg6+ Kh7 105. Kf4 Ra4+ 106. Kg3 Ra3+ 107. Kh4 Rb3 108. Re6 Ra3 109. Re1 Rb3 110. Rg1 Kg7 111. Rg3 Rb1 1/2-1/2

[Event "Oberliga Baden 1617"]
[Site "Baden"]
[Date "2016.12.04"]
[Round "3.3"]
[White "Adler, Joel Arturo Manuel"]
[Black "Scherer, Ralf"]
[Result "1-0"]
[WhiteElo "2271"]
[BlackElo "2189"]
[PlyCount "65"]
[EventDate "2016.10.16"]
[EventType "team-tourn"]
[EventRounds "9"]
[EventCountry "GER"]
[SourceTitle "EXT 2018"]
[Source "ChessBase"]
[SourceDate "2017.10.13"]
[SourceVersion "1"]
[SourceVersionDate "2017.10.13"]
[SourceQuality "1"]
[WhiteTeam "Walldorf"]
[BlackTeam "Ladenburg"]
[WhiteTeamCountry "GER"]
[BlackTeamCountry "GER"]

1. d4 d6 2. e4 Nf6 3. f3 c5 4. d5 e6 5. c4 exd5 6. cxd5 Be7 7. Ne2 0-0 8. Ng3 Nbd7 9. Nc3 Ne5 10. Be2 a6 11. a4 Bd7 12. 0-0 Qc7 13. f4 Ng6 14. Nf5 Bd8 15. g4 Re8 16. Bd3 Kh8 17. g5 Ng8 18. Qh5 Bxf5 19. exf5 Nf8 20. Ne4 c4 21. Bc2 Qd7 22. Be3 Rxe4 23. Bxe4 f6 24. Bd4 Rc8 25. Rfe1 Ba5 26. Re3 Bd2 27. Rf3 Qe7 28. Bc2 Qe2 29. Raf1 c3 30. Qf7 cxb2 31. gxf6 gxf6 32. Rg3 Be3+ 33. Bxe3 1-0

[Event "Baden CupT finale 3rd place"]
[Site "Baden"]
[Date "2016.07.17"]
[Round "5.4"]
[White "Miezis, Normunds"]
[Black "Scherer, Ralf"]
[Result "1-0"]
[WhiteElo "2518"]
[BlackElo "2121"]
[PlyCount "73"]
[EventDate "2016.05.01"]
[EventType "team-k.o."]
[EventRounds "2"]
[EventCountry "GER"]
[SourceTitle "EXT 2018"]
[Source "ChessBase"]
[SourceDate "2017.10.13"]
[SourceVersion "1"]
[SourceVersionDate "2017.10.13"]
[SourceQuality "1"]
[WhiteTeam "Emmendingen"]
[BlackTeam "Ladenburg"]
[WhiteTeamCountry "GER"]
[BlackTeamCountry "GER"]

1. c4 g6 2. Nc3 Bg7 3. g3 d6 4. Bg2 e5 5. d3 Ne7 6. Rb1 0-0 7. e4 c6 8. Nge2 Be6 9. 0-0 Na6 10. b3 c5 11. f4 Qd7 12. a3 Rae8 13. Be3 b6 14. Qd2 Bh3 15. b4 Bxg2 16. Kxg2 f5 17. fxe5 Bxe5 18. Bh6 Rf7 19. Rf3 Bg7 20. Bxg7 Kxg7 21. b5 Nc7 22. Rbf1 Ref8 23. h4 Qe6 24. Nf4 Qc8 25. Re3 Ng8 26. Ncd5 fxe4 27. Nxc7 Rxf4 28. Rxf4 Rxf4 29. gxf4 Qxc7 30. dxe4 Nf6 31. e5 Qb7+ 32. Rf3 Nh5 33. exd6 Qd7 34. f5 Qd8 35. d7 Nf6 36. fxg6 hxg6 37. Rxf6 1-0

[Event "Verbandsliga Nordbaden 1516"]
[Site "Baden"]
[Date "2016.04.17"]
[Round "9.3"]
[White "Scherer, Ralf"]
[Black "Kraemer, Enrico"]
[Result "1/2-1/2"]
[WhiteElo "2194"]
[BlackElo "2174"]
[PlyCount "90"]
[EventDate "2015.09.27"]
[EventType "team-tourn"]
[EventRounds "9"]
[EventCountry "GER"]
[SourceTitle "EXT 2022"]
[Source "ChessBase"]
[SourceDate "2021.10.06"]
[SourceVersion "1"]
[SourceVersionDate "2021.10.06"]
[SourceQuality "1"]
[WhiteTeam "Ladenburg"]
[BlackTeam "Leimen"]
[WhiteTeamCountry "GER"]
[BlackTeamCountry "GER"]

1. g3 c5 2. Bg2 d5 3. Nf3 Nf6 4. 0-0 e6 5. d3 Nc6 6. Nbd2 Be7 7. Re1 b6 8. e4 Bb7 9. exd5 exd5 10. c3 0-0 11. Ne5 Nxe5 12. Rxe5 Bd6 13. Re1 Qc7 14. Nf3 h6 15. Bd2 Rfe8 16. Qc2 a5 17. Rxe8+ Rxe8 18. Re1 Rxe1+ 19. Bxe1 Qe7 20. Qd1 Bc6 21. Bd2 b5 22. Qe1 Kf8 23. Qxe7+ Kxe7 24. Kf1 Bd7 25. Ke2 b4 26. h3 Bb5 27. Ne1 c4 28. Ke3 Bc5+ 29. d4 Bd6 30. cxb4 axb4 31. Nc2 b3 32. axb3 cxb3 33. Nb4 Ke6 34. Nd3 Bc4 35. Nc5+ Bxc5 36. dxc5 Kd7 37. Bc3 Ne8 38. Ba5 Kc6 39. Kd4 g6 40. Bb4 Nc7 41. Ke5 Na6 42. Ba3 Nxc5 43. Kf6 Ne4+ 44. Kxf7 Bd3 45. Bxe4 Bxe4 1/2-1/2

[Event "Untergrombach op 33rd"]
[Site "Untergrombach"]
[Date "2016.01.04"]
[Round "4"]
[White "Scherer, Ralf"]
[Black "Prestel, Oliver"]
[Result "1-0"]
[WhiteElo "2194"]
[BlackElo "2104"]
[PlyCount "97"]
[EventDate "2016.01.02"]
[EventType "swiss"]
[EventRounds "7"]
[EventCountry "GER"]
[SourceTitle "CBM 170 Extra"]
[Source "ChessBase"]
[SourceDate "2016.02.25"]
[SourceVersion "1"]
[SourceVersionDate "2016.02.25"]
[SourceQuality "1"]

1. Nf3 d5 2. g3 Nf6 3. Bg2 e6 4. 0-0 Be7 5. d3 c5 6. Nbd2 Nc6 7. Re1 0-0 8. e4 dxe4 9. Nxe4 Nxe4 10. Rxe4 b6 11. Re1 Bb7 12. h4 h6 13. Ne5 Qc8 14. Qf3 Nxe5 15. Qxb7 Qxb7 16. Bxb7 Rab8 17. Bg2 Nd7 18. a4 Bf6 19. Rb1 Rbc8 20. Bf4 e5 21. Bd2 c4 22. Bb4 Rfd8 23. Rbd1 cxd3 24. Rxd3 Nc5 25. Rxd8+ Bxd8 26. Bh3 Rc7 27. Rxe5 Bf6 28. Re8+ Kh7 29. b3 Bd4 30. Rd8 Bf6 31. Rc8 Na6 32. Rxc7 Nxc7 33. Bd6 Nd5 34. Bg2 Nc3 35. Kf1 Kg6 36. Ke1 Kf5 37. Bf3 Bd4 38. g4+ Ke6 39. Bb8 a5 40. Bf4 Nd5 41. Bxd5+ Kxd5 42. Ke2 Bf6 43. h5 Kd4 44. Bd2 Bg5 45. c3+ Ke5 46. Be3 Bxe3 47. Kxe3 f5 48. f3 Kf6 49. Kf4 1-0

[Event "Untergrombach op 33rd"]
[Site "Untergrombach"]
[Date "2016.01.02"]
[Round "1"]
[White "Gantner, Ralf"]
[Black "Scherer, Ralf"]
[Result "0-1"]
[WhiteElo "1872"]
[BlackElo "2194"]
[PlyCount "100"]
[EventDate "2016.01.02"]
[EventType "swiss"]
[EventRounds "7"]
[EventCountry "GER"]
[SourceTitle "CBM 170 Extra"]
[Source "ChessBase"]
[SourceDate "2016.02.25"]
[SourceVersion "1"]
[SourceVersionDate "2016.02.25"]
[SourceQuality "1"]

1. f4 g6 2. Nf3 Bg7 3. e3 Nf6 4. Be2 0-0 5. 0-0 c5 6. d3 Nc6 7. e4 d6 8. Nc3 Rb8 9. a4 a6 10. Qe1 b5 11. axb5 axb5 12. Qh4 b4 13. Nd1 Qc7 14. Ne3 Nd4 15. Bd1 Bb7 16. f5 Ra8 17. Rxa8 Rxa8 18. Ng5 h6 19. fxg6 fxg6 20. c3 hxg5 21. Qxg5 Ne6 22. Qxg6 Nf8 23. Qg3 Bc8 24. Bb3+ Kh8 25. Nf5 Bxf5 26. Rxf5 Ra1 27. Qh3+ N6h7 28. Rf1 bxc3 29. bxc3 c4 30. Bxc4 Qc5+ 31. Be3 Rxf1+ 32. Kxf1 Qa3 33. Qf5 Qxc3 34. Qf7 e6 35. Ke2 Qb2+ 36. Kf3 Nf6 37. Bxe6 Qc2 38. Bf5 Qd1+ 39. Kf2 Qxd3 40. h3 Nxe4+ 41. Bxe4 Qxe4 42. Qh5+ Kg8 43. g4 Qc2+ 44. Kf3 Qd1+ 45. Kf2 Qc2+ 46. Kf3 Qc6+ 47. Kf2 d5 48. Qg5 Qc2+ 49. Kf1 Qe4 50. Bf4 Ne6 0-1

[Event "Verbandsliga Nordbaden 1516"]
[Site "Baden"]
[Date "2015.10.25"]
[Round "2.3"]
[White "Kolb, Hans Martin"]
[Black "Scherer, Ralf"]
[Result "1-0"]
[WhiteElo "2218"]
[BlackElo "2194"]
[PlyCount "151"]
[EventDate "2015.09.27"]
[EventType "team-tourn"]
[EventRounds "9"]
[EventCountry "GER"]
[SourceTitle "EXT 2022"]
[Source "ChessBase"]
[SourceDate "2021.10.06"]
[SourceVersion "1"]
[SourceVersionDate "2021.10.06"]
[SourceQuality "1"]
[WhiteTeam "Lindenhof"]
[BlackTeam "Ladenburg"]
[WhiteTeamCountry "GER"]
[BlackTeamCountry "GER"]

1. d4 d6 2. Nf3 g6 3. Bg5 Bg7 4. c3 Nf6 5. Nbd2 0-0 6. e4 c5 7. Bc4 cxd4 8. cxd4 Nxe4 9. Nxe4 d5 10. Bxd5 Qxd5 11. Nc3 Qc4 12. Qe2 Qxe2+ 13. Nxe2 Re8 14. h3 Nc6 15. 0-0 Bf5 16. Rfd1 Rad8 17. Bf4 Be4 18. Ne5 f6 19. Nxc6 Bxc6 20. Nc3 g5 21. Be3 a6 22. d5 Bd7 23. Rac1 h6 24. Bb6 Rc8 25. Ne4 Rxc1 26. Rxc1 f5 27. Nc5 Bc8 28. b4 Bd4 29. Na4 Be5 30. Re1 Bd6 31. Bc5 Bxc5 32. bxc5 Kf7 33. Nb6 Rd8 34. Kf1 f4 35. Ke2 e5 36. Kd3 Bf5+ 37. Kc4 Kf6 38. f3 h5 39. d6 Ke6 40. Nd5 Bd3+ 41. Kxd3 Kxd5 42. Kc3 a5 43. Kb3 g4 44. Ka4 gxh3 45. gxh3 h4 46. Kb5 Rd7 47. Rd1+ Ke6 48. Kb6 a4 49. a3 e4 50. fxe4 Ke5 51. c6 bxc6 52. Kxc6 Rd8 53. Kc7 Rf8 54. d7 Kxe4 55. Kc6 f3 56. Re1+ Kd3 57. Re8 Rf6+ 58. Kc5 Rf5+ 59. Kb4 Rf4+ 60. Kb5 Rd4 61. d8Q Rxd8 62. Rxd8+ Ke2 63. Re8+ Kd1 64. Rf8 Ke2 65. Kxa4 f2 66. Kb4 f1Q 67. Rxf1 Kxf1 68. a4 Kg2 69. a5 Kxh3 70. a6 Kh2 71. a7 h3 72. a8Q Kg1 73. Qg8+ Kh1 74. Qd5+ Kg1 75. Qd4+ Kh1 76. Qe4+ 1-0

[Event "GER CupT sf4"]
[Site "Schwarzenbach"]
[Date "2015.03.21"]
[Round "3.3"]
[White "Schmaltz, Roland"]
[Black "Scherer, Ralf"]
[Result "1-0"]
[WhiteElo "2523"]
[BlackElo "2186"]
[PlyCount "61"]
[EventDate "2015.03.21"]
[EventType "team-k.o."]
[EventRounds "2"]
[EventCountry "GER"]
[SourceTitle "EXT 2019"]
[Source "ChessBase"]
[SourceDate "2018.10.10"]
[SourceVersion "1"]
[SourceVersionDate "2018.10.10"]
[SourceQuality "1"]
[WhiteTeam "Baden-Baden"]
[BlackTeam "Ladenburg"]
[WhiteTeamCountry "GER"]
[BlackTeamCountry "GER"]

1. e4 d6 2. d4 Nf6 3. Nc3 g6 4. Be3 a6 5. Qd2 b5 6. f3 Bb7 7. Bd3 Nbd7 8. a4 b4 9. Nd1 c5 10. c3 bxc3 11. bxc3 Bg7 12. Ne2 0-0 13. 0-0 a5 14. Nf2 Qc7 15. Rfb1 Rab8 16. Qa2 d5 17. e5 Ne8 18. Bb5 c4 19. Bxd7 Qxd7 20. Rb6 Ra8 21. Qa3 Ba6 22. Bg5 f6 23. Bf4 g5 24. Bg3 e6 25. exf6 Bxf6 26. Ng4 h5 27. Nxf6+ Nxf6 28. Be5 Ra7 29. Qc1 Nh7 30. Qb1 Rf5 31. Rxe6 1-0

[Event "Verbandsliga Nord Baden 1314"]
[Site "Germany"]
[Date "2014.03.09"]
[Round "7.3"]
[White "Arlt, Reinhard"]
[Black "Scherer, Ralf"]
[Result "0-1"]
[WhiteElo "2156"]
[BlackElo "2201"]
[PlyCount "134"]
[EventDate "2013.10.20"]
[EventType "team-tourn"]
[EventRounds "9"]
[EventCountry "GER"]
[SourceTitle "EXT 2015"]
[Source "ChessBase"]
[SourceDate "2014.11.20"]
[SourceVersion "1"]
[SourceVersionDate "2014.11.20"]
[SourceQuality "1"]
[WhiteTeam "Karlsruhe II"]
[BlackTeam "Ladenburg"]
[WhiteTeamCountry "GER"]
[BlackTeamCountry "GER"]

1. e4 d6 2. d4 Nf6 3. Nc3 g6 4. f4 Bg7 5. Nf3 0-0 6. Bd3 Nc6 7. a3 e5 8. dxe5 dxe5 9. 0-0 Nd7 10. Be3 exf4 11. Bxf4 Nde5 12. Be2 Nxf3+ 13. Bxf3 Nd4 14. Rb1 Be6 15. Nd5 Rc8 16. c3 Nxf3+ 17. Qxf3 c6 18. Ne3 Re8 19. Rf2 Qe7 20. Re1 Rcd8 21. Nc2 Rd7 22. Be3 c5 23. Bf4 h5 24. Qe3 Qf8 25. Qg3 Bc4 26. Rd2 Rxd2 27. Bxd2 Bb3 28. Ne3 Rxe4 29. Qc7 Qe7 30. Qxe7 Rxe7 31. g3 Rd7 32. Bc1 f5 33. Ng2 Kf7 34. Be3 b6 35. Kf2 Bf6 36. h4 Be7 37. Nf4 a5 38. Nh3 Kg7 39. Ng5 Bd6 40. Bc1 Kf6 41. Nf3 Ba4 42. Bg5+ Kg7 43. Ne5 Bxe5 44. Rxe5 Kf7 45. Re1 Bb3 46. Re2 Bc4 47. Rd2 Bd3 48. Ke3 c4 49. Kf2 Ke6 50. Be3 Rd6 51. Bf4 Rc6 52. Be3 Kd5 53. Kf3 Re6 54. Kf2 Kc6 55. Bf4 Kb5 56. Be3 Ka4 57. Bd4 Kb3 58. Be3 Rc6 59. Bf4 Bc2 60. Ke3 Kxb2 61. Kd4 Kb3 62. Be5 Be4 63. Ke3 Kxa3 64. Kf4 Kb3 65. Kg5 a4 66. Bd6 a3 67. Kxg6 a2 0-1

[Event "Verbandsliga Nord Baden 1314"]
[Site "Germany"]
[Date "2013.12.08"]
[Round "3.3"]
[White "Scherer, Ralf"]
[Black "Neunhoeffer, Helmut"]
[Result "1/2-1/2"]
[WhiteElo "2201"]
[BlackElo "2279"]
[PlyCount "29"]
[EventDate "2013.10.20"]
[EventType "team-tourn"]
[EventRounds "9"]
[EventCountry "GER"]
[SourceTitle "EXT 2015"]
[Source "ChessBase"]
[SourceDate "2014.11.20"]
[SourceVersion "1"]
[SourceVersionDate "2014.11.20"]
[SourceQuality "1"]
[WhiteTeam "Ladenburg"]
[BlackTeam "Heidelberg"]
[WhiteTeamCountry "GER"]
[BlackTeamCountry "GER"]

1. g3 d5 2. Bg2 c6 3. Nf3 Bg4 4. d3 Nf6 5. Nbd2 Nbd7 6. h3 Bh5 7. g4 Bg6 8. Nh4 e6 9. e3 Bc5 10. 0-0 Qc7 11. Qe2 0-0-0 12. f4 h6 13. Nxg6 fxg6 14. Kh1 g5 15. Nf3 1/2-1/2

[Event "Verbandsliga Nord Baden 1314"]
[Site "Germany"]
[Date "2013.10.20"]
[Round "1.3"]
[White "Scherer, Ralf"]
[Black "Kistner, Klaus"]
[Result "0-1"]
[WhiteElo "2201"]
[BlackElo "2157"]
[PlyCount "54"]
[EventDate "2013.10.20"]
[EventType "team-tourn"]
[EventRounds "9"]
[EventCountry "GER"]
[SourceTitle "EXT 2015"]
[Source "ChessBase"]
[SourceDate "2014.11.20"]
[SourceVersion "1"]
[SourceVersionDate "2014.11.20"]
[SourceQuality "1"]
[WhiteTeam "Ladenburg"]
[BlackTeam "Bad Mergentheim II"]
[WhiteTeamCountry "GER"]
[BlackTeamCountry "GER"]

1. Nf3 Nf6 2. c4 g6 3. Nc3 Bg7 4. g3 c5 5. Bg2 Nc6 6. 0-0 0-0 7. d3 a6 8. e4 d6 9. h3 Rb8 10. a4 Nd7 11. Ne1 Nd4 12. Be3 Ne5 13. Ne2 Nec6 14. Nxd4 Nxd4 15. Nc2 b5 16. cxb5 axb5 17. Nxd4 cxd4 18. Bc1 bxa4 19. Rxa4 Qb6 20. Kh2 Be6 21. Ra3 Bb3 22. Qe1 Qb5 23. f4 Rfc8 24. e5 dxe5 25. fxe5 Rc2 26. Rf2 Qxd3 27. Qb4 Bxe5 0-1

[Event "Oberliga Baden 1213"]
[Site "Baden"]
[Date "2013.03.17"]
[Round "8.2"]
[White "Dobosz, Henryk"]
[Black "Scherer, Ralf"]
[Result "1-0"]
[WhiteElo "2388"]
[BlackElo "2199"]
[PlyCount "89"]
[EventDate "2012.10.14"]
[EventType "team-tourn"]
[EventRounds "9"]
[EventCountry "GER"]
[SourceTitle "EXT 2014"]
[Source "ChessBase"]
[SourceDate "2013.11.20"]
[SourceVersion "1"]
[SourceVersionDate "2013.11.20"]
[SourceQuality "1"]
[WhiteTeam "Buchen"]
[BlackTeam "Ladenburg"]
[WhiteTeamCountry "GER"]
[BlackTeamCountry "GER"]

1. e4 d6 2. d4 Nf6 3. f3 a6 4. Be3 g6 5. Qd2 Bg7 6. c4 0-0 7. Nc3 Nc6 8. Nge2 Rb8 9. Nc1 e5 10. d5 Nd4 11. Nb3 c5 12. dxc6 Nxb3 13. c7 Qxc7 14. axb3 Be6 15. Be2 Nh5 16. 0-0 Nf4 17. Rfd1 Rfd8 18. Bf1 Kh8 19. Kh1 Rd7 20. g3 Nh5 21. Nd5 Qc6 22. b4 Bxd5 23. b5 Qc7 24. cxd5 axb5 25. Rdc1 Qd8 26. Bxb5 Re7 27. Ba7 Rc8 28. Bb6 Qf8 29. Rxc8 Qxc8 30. Qa5 Nxg3+ 31. Kg1 Re8 32. hxg3 Qh3 33. Qe1 Rc8 34. Bf1 Qh5 35. Rc1 Rf8 36. g4 Qg5 37. Qe3 Qh4 38. Qf2 Qg5 39. Be3 Qe7 40. Bd3 f5 41. exf5 e4 42. Bxe4 gxf5 43. Bxf5 Qe5 44. Rd1 Re8 45. Bd4 1-0